000 00300nam a22001337a 4500
008 170220b xxu||||| |||| 00| 0 eng d
020 _a9780683039696
041 _aeng
080 _26th
_a615
100 _a5
101 _aSHF
245 _aTEXTBOOK OF THERAPEUTICS
_cHERFINDAL, E.T
942 _2udc
_cBK
999 _c5757
_d5757